Inspiring Images for judges late medieval court room decorations in the Southern Netherlands /

Elmentve itt :
Bibliográfiai részletek
Szerző: Martyn Georges
Dokumentumtípus: Könyv része
Megjelent: JATEPress Szeged 2012
Sorozat:Acta Universitatis Szegediensis de Attila József nominatae : papers in english and american studies 21
Papers in English and American studies : Tomus XXI. - The iconology of law and order : legal and cosmic 21
Kulcsszavak:Képzőművészet - Hollandia - középkor, Ikonográfia - Hollandia - középkor
Tárgyszavak:
Online Access:http://acta.bibl.u-szeged.hu/86854
LEADER 01098naa a2200229 i 4500
001 acta86854
005 20250328154713.0
008 250328s2012 hu o 000 eng d
020 |a 978-963-315-076-4 
022 |a 0230-2780 
040 |a SZTE Egyetemi Kiadványok Repozitórium  |b hun 
041 |a eng 
100 1 |a Martyn Georges 
245 1 0 |a Inspiring Images for judges   |h [elektronikus dokumentum] :  |b late medieval court room decorations in the Southern Netherlands /  |c  Martyn Georges 
260 |a JATEPress  |b Szeged  |c 2012 
300 |a 41-53 
490 0 |a Acta Universitatis Szegediensis de Attila József nominatae : papers in english and american studies  |v 21 
490 0 |a Papers in English and American studies : Tomus XXI. - The iconology of law and order : legal and cosmic  |v 21 
650 4 |a Bölcsészettudományok 
650 4 |a Művészetek (művészetek, művészettörténet, előadóművészetek, zene) 
695 |a Képzőművészet - Hollandia - középkor, Ikonográfia - Hollandia - középkor 
856 4 0 |u http://acta.bibl.u-szeged.hu/86854/1/papers_021_041-053.pdf  |z Dokumentum-elérés